ASIA building construction survey (Record no. 105810)

MARC details
000 -LEADER
fixed length control field 01284cam a2200265 4500
001 - CONTROL NUMBER
control field ##E134820
008 - FIXED-LENGTH DATA ELEMENTS--GENERAL INFORMATION
fixed length control field 060904n2006 000 0 eng u
020 ## - INTERNATIONAL STANDARD BOOK NUMBER
International Standard Book Number 1904829406
035 ## - SYSTEM CONTROL NUMBER
System control number (Sirsi) u134820
041 0# - LANGUAGE CODE
Language code of text/sound track or separate title eng
050 04 - LIBRARY OF CONGRESS CALL NUMBER
Classification number 338.4369095 $2 18
110 2# - MAIN ENTRY--CORPORATE NAME
Corporate name or jurisdiction name as entry element Building Cost Information Service
9 (RLIN) 1096
245 00 - TITLE STATEMENT
Title ASIA building construction survey
260 ## - PUBLICATION, DISTRIBUTION, ETC.
Place of publication, distribution, etc. London
Name of publisher, distributor, etc. BCIS
Date of publication, distribution, etc. 2006
300 ## - PHYSICAL DESCRIPTION
Extent 57p.
Dimensions 30cm.
350 ## - PRICE (NR) (BK AM CF MU VM SE) [OBSOLETE]
Price 100
490 #0 - SERIES STATEMENT
Series statement BCIS Building Construction Survey
520 ## - SUMMARY, ETC.
Summary, etc. Provides full country reports for China, Hong Kong, Malaysia, Singapore and Thailand; cost only reports for Brunei, Indonesia, Japan, Sri Lanka and Taiwan; inter-country comparisons and partial reports for Philippines and South Korea. Trends analysed include workload, skills shortages and input and output costs. The findings are based on responses to an online survey of RICS members and key contacts across Asia. A total of 220 key firms responded with a representative spread across the industry.
590 ## - LOCAL NOTE (RLIN)
Local note IKA190906
651 #4 - SUBJECT ADDED ENTRY--GEOGRAPHIC NAME
Geographic name Asia Pacific
690 ## - LOCAL SUBJECT ADDED ENTRY--TOPICAL TERM (OCLC, RLIN)
Topical term or geographic name as entry element BUILT ENVIRONMENT-CONSTRUCTION MARKET
710 2# - ADDED ENTRY--CORPORATE NAME
Corporate name or jurisdiction name as entry element Royal Institution of Chartered Surveyors
Subordinate unit Public Affairs
9 (RLIN) 4679
710 2# - ADDED ENTRY--CORPORATE NAME
Corporate name or jurisdiction name as entry element Royal Institution of Chartered Surveyors
Subordinate unit Asia Pacific
9 (RLIN) 5550
942 ## - ADDED ENTRY ELEMENTS (KOHA)
Suppress in OPAC 0
Holdings
Withdrawn status Lost status Source of classification or shelving scheme Damaged status Not for loan Home library Current library Shelving location Date acquired Total Checkouts Full call number Barcode Date last seen Copy number Price effective from Koha item type Date last checked out
    Dewey Decimal Classification     London London RICS Boxes 12/09/2006   RICS 2006/95 30073234 06/08/2019 1 06/08/2019 Reference material  
    Dewey Decimal Classification     London London RICS Boxes 12/09/2006 1 RICS 2006/95 30073235 06/08/2019 2 06/08/2019 Book 27/04/2007
    Dewey Decimal Classification     London London RICS Boxes 12/09/2006 1 RICS 2006/95 30073236 06/08/2019 3 06/08/2019 Archive 16/10/2008